Accounting standards V.5 : earnings per share, interim reporting, miscellaneous issues (Record no. 189714)

MARC details
000 -LEADER
fixed length control field 00501nam a2200157Ia 4500
008 - FIXED-LENGTH DATA ELEMENTS--GENERAL INFORMATION
fixed length control field 231217s9999 xx 000 0 und d
020 ## - INTERNATIONAL STANDARD BOOK NUMBER
International Standard Book Number 8178810611
041 ## - LANGUAGE CODE
Language code of text/sound track or separate title English
082 ## - DEWEY DECIMAL CLASSIFICATION NUMBER
Classification number 657 SEE.5;4
100 ## - MAIN ENTRY--PERSONAL NAME
Personal name Seethapathi, K ed.
245 #0 - TITLE STATEMENT
Title Accounting standards V.5 : earnings per share, interim reporting, miscellaneous issues
260 ## - PUBLICATION, DISTRIBUTION, ETC.
Date of publication, distribution, etc. 2002
Name of publisher, distributor, etc. Icfai
Place of publication, distribution, etc. Hyderabad
300 ## - PHYSICAL DESCRIPTION
Extent vii, 207
650 ## - SUBJECT ADDED ENTRY--TOPICAL TERM
Topical term or geographic name entry element Accounting,standards,V.5,earnings,share,,interim,reporting,,miscellaneous
942 ## - ADDED ENTRY ELEMENTS (KOHA)
Koha item type Books
Holdings
Date last seen Total checkouts Full call number Accession number Uniform resource identifier Cost, total (INR) price Price effective from Category Public note Lost status Damaged status Department Withdrawn status Home library Current library Shelving location Entry date Vendor Cost, normal purchase price Grants Billnumber Billdate Currency symbol Conversion rate Discount Old discount
26/01/2024   657 SEE.5;4 66576 digital/contents/66577.pdf 38.00 26/01/2024 Books 66576     Central Library   Central Library Central Library Central Library 23/10/2010 ICFAI Press 38.00 MBA 1993 28/10/2014 RS 1    
26/01/2024   657 SEE.5;5 66577 digital/contents/66577.pdf 38.00 26/01/2024 Books 66577     Central Library   Central Library Central Library Central Library 23/10/2010 ICFAI Press 38.00 MBA 1993 28/10/2014 RS 1    
26/01/2024   657 SEE.5;6 71190 digital/contents/66577.pdf 38.00 26/01/2024 Books 71190     Central Library   Central Library Central Library Central Library 26/11/2010 ICFAI Press 38.00 MBA 1993 05/01/2015 RS 1    

© For any Suggestions or Query, please contact the library staff @ librarian@pes.edu or Phone: +9180 2672 1983/ 2108.